000 010540000a22002410004500
003 LK-CoMWRAF
005 20231111004016.0
008 230817t2007 ||||| |||| 00| 0 eng d
020 _a9789555801140
040 _aLK-CoMWRAF
_dLK-CoMWRAF
_eLK-CoMWRAF
041 _aeng
082 _a363.3492
_bSAR
100 _aSarvananthan, Muttukrishna
245 _aPeople's Verdict on Tsunami Recovery in Sri Lanka
260 _aColombo:
_bInternational Centre for Ethnic Studies,
_c2007
300 _axxiii, 146 p. : ill., maps ; 23 cm.
_bBibliography included
650 _aHAZARD MITIGATION-SRI LANKA
650 _aHousehold surveys-Sri Lanka
650 _aDisaster relief--Sri Lanka.
650 _aTsunami
856 _uhttps://deliverypdf.ssrn.com/delivery.php?ID=657067000092087098083066074125068122008074046028003082122090000026092113126009022093018101029058112004114069066065089010030031029041010037009119113014091081017024100072082000089104031027085101090088120086114020121074071118001007027010103120076092103003&EXT=pdf&INDEX=TRUE
942 _cBK
999 _c2273
_d2273